Small Countries with the Most Coastline - with Exceptions - Statistics

General Stats
  • This quiz has been taken 1,277 times
  • The average score is 13 of 20
Answer Stats
Ratio Answer % Correct
350 Monaco
80%
2.20 Denmark
79%
7.18 Greece
76%
4.48 Panama
75%
7.11 Norway
74%
4.14 Chile
71%
2.84 Costa Rica
71%
4.85 South Korea
71%
4.82 Croatia
70%
2.30 Portugal
68%
3.25 Netherlands
66%
3.42 Belize
65%
4.69 Qatar
65%
2.17 El Salvador
63%
3.29 Estonia
61%
2.71 Kuwait
51%
2.17 Lebanon
51%
2.12 Bangladesh
46%
4.40 Gambia
35%
5.31 Guinea-Bissau
31%
No matching quizzes found
Score Distribution
Percent of People with Each Score
Percentile by Number Answered
Your Score History
You have not taken this quiz